| 000 | 00857nam a2200265 a 4500 | ||
|---|---|---|---|
| 001 | 000046565 | ||
| 003 | DO-SdBNP | ||
| 005 | 20240305094533.0 | ||
| 007 | ta | ||
| 008 | 150826s2010 dr ac 000 0 spa d | ||
| 020 | _a9789945409048 | ||
| 040 |
_aDO-SdBNP _bspa _cBNPHU |
||
| 082 | 4 |
_axxx _bS162 _222 |
|
| 100 | 1 |
_aSaldaña, José, _d1950- _974555 |
|
| 245 | 1 | 0 |
_aNotas curiosas en torno al arte. / _cJosé Saldaña : presentación Fernando Ureña Rib. |
| 260 |
_aSanto Domingo : _bConadex, _c2010. |
||
| 300 |
_a89 p. : _bil., retrs. ; _c22 cm. |
||
| 500 | _aIncluye datos biografícos del autor | ||
| 500 | _aAgradecimiento al Instituto Nacional de Administración Pública | ||
| 504 | _aBibliografía : p. 88-89 | ||
| 590 | _aInventariado, 2019/ YL | ||
| 700 | 1 |
_aUreña Rib, Fernando, _d1951- _epres. _930237 |
|
| 910 | _aYL | ||
| 942 |
_2ddc _cLBS1 |
||
| 999 |
_c46054 _d46054 |
||